Regional employment and wages. The effects of transport costs and market potential (Registro nro. 31598)

Detalles MARC
000 -LEADER
fixed length control field 00385 a2200109 4500
001 - CONTROL NUMBER
control field ART_44823
005 - DATE AND TIME OF LATEST TRANSACTION
control field 20260410162005.0
008 - FIXED-LENGTH DATA ELEMENTS--GENERAL INFORMATION
fixed length control field 260409a
100 1# - MAIN ENTRY--PERSONAL NAME
Personal name Moncarz, Pedro E.
245 10 - TITLE STATEMENT
Title Regional employment and wages. The effects of transport costs and market potential
773 0# - HOST ITEM ENTRY
Title Revista de economía y estadística
Related parts - Vol. XLV, Nº 1 (oct. 2007)
Record control number REV34359

No hay ítems disponibles.